000 00378nam a2200169Ia 4500
100 _aKonar/Amit
650 _aArtifical Intelligence
942 _cBK
366 _f20
654 _aartificial intelligence
245 _aArtificial intelligence and soft computing
260 _bCRC Press
_c2000
082 _a6.3
_bKON
300 _a786
546 _aENGLISH
999 _c27105
_d27105